|
|
|
|
| LEADER |
02285nam a2200577 i 4500 |
| 001 |
nkc20172944873 |
| 003 |
CZ PrNK |
| 005 |
20250417044109.0 |
| 007 |
ta |
| 008 |
171207s2017 xr ach e 000 0 cze |
| 015 |
|
|
|a cnb002944873
|
| 020 |
|
|
|a 978-80-270-2942-6
|q (brožováno)
|
| 035 |
|
|
|a (OCoLC)1022783146
|
| 040 |
|
|
|a ABA001
|b cze
|d OLA001
|e rda
|
| 041 |
1 |
|
|a cze
|a eng
|h cze
|
| 043 |
|
|
|a e-xr---
|
| 045 |
|
|
|a x8y1
|
| 072 |
|
7 |
|a 070
|x Noviny. Tisk. Žurnalistika
|2 Konspekt
|9 12
|
| 080 |
|
|
|a 070.489:316.353
|2 MRF
|
| 080 |
|
|
|a 316.723
|2 MRF
|
| 080 |
|
|
|a (437.3)
|2 MRF
|
| 080 |
|
|
|a (048.8)
|2 MRF
|
| 100 |
1 |
|
|a Hroch, Miloš,
|d 1989-
|7 jo2017974644
|4 aut
|
| 245 |
1 |
0 |
|a Křičím: "To jsem já" :
|b příběhy českého fanzinu od 80. let po současnost = I shout "That's me!" : stories of the Czech fanzine from the '80s till now /
|c autor: Miloš Hroch ; překlad: Daniel Devečka, Daphne Carr
|
| 246 |
3 |
1 |
|a I shout "That's me!"
|
| 250 |
|
|
|a Vydání první
|
| 264 |
|
1 |
|a Praha :
|b PageFive,
|c 2017
|
| 300 |
|
|
|a 229 stran :
|b ilustrace (některé barevné), portréty, faksimile ;
|c 25 cm
|
| 336 |
|
|
|a text
|b txt
|2 rdacontent
|
| 336 |
|
|
|a statický obraz
|b sti
|2 rdacontent
|
| 337 |
|
|
|a bez média
|b n
|2 rdamedia
|
| 338 |
|
|
|a svazek
|b nc
|2 rdacarrier
|
| 546 |
|
|
|a Souběžný anglický text
|
| 648 |
|
4 |
|a 1981-2017
|
| 648 |
|
7 |
|a 20.-21. století
|7 ch462155
|2 czenas
|
| 650 |
0 |
7 |
|a fanziny
|7 ph976360
|z Česko
|y 20.-21. století
|2 czenas
|
| 650 |
0 |
7 |
|a subkultury
|7 ph137977
|z Česko
|y 20.-21. století
|2 czenas
|
| 650 |
0 |
7 |
|a alternativní kultura
|7 ph118632
|z Česko
|y 20.-21. století
|2 czenas
|
| 650 |
0 |
9 |
|a fan magazines
|z Czechia
|y 20th-21st centuries
|2 eczenas
|
| 650 |
0 |
9 |
|a subcultures
|z Czechia
|y 20th-21st centuries
|2 eczenas
|
| 650 |
0 |
9 |
|a alternative culture
|z Czechia
|y 20th-21st centuries
|2 eczenas
|
| 655 |
|
7 |
|a monografie
|7 fd132842
|2 czenas
|
| 655 |
|
9 |
|a monographs
|2 eczenas
|
| 700 |
1 |
|
|a Devečka, Daniel
|4 trl
|
| 700 |
1 |
|
|a Carr, Daphne
|4 trl
|
| 910 |
2 |
|
|a BOA001
|b 2-1397.901
|
| 990 |
|
|
|a BK
|
| 995 |
|
|
|a 01
|
| 991 |
|
|
|b 201712
|c NOV
|
| 996 |
6 |
|
|b 2610727816
|c 2-1397.901
|l MZK
|r Sklad / do 1 hodiny
|n 4
|p p.v.
|w 001643256
|u 000010
|a 1
|e BOA001
|j MZK50
|s P
|
| 996 |
7 |
|
|b 2610735146
|c 2-1397.901
|l Vol.výběr
|r VV 0p
|n 8
|p kup
|h 070 HRO
|w 001643256
|u 000020
|a 0
|e BOA001
|j MZK50
|s A
|